L'Eglise naissante et le catholicisme / (Record n. 27922)

Dettagli MARC
000 -LEADER
fixed length control field 00994nam a2200289 i 4500
003 - CONTROL NUMBER IDENTIFIER
control field IT-RoINE
005 - DATE AND TIME OF LATEST TRANSACTION
control field 20181204062805.0
008 - FIXED-LENGTH DATA ELEMENTS--GENERAL INFORMATION
fixed length control field 120214s2011 fr |r 000|||fre|d
020 ## - INTERNATIONAL STANDARD BOOK NUMBER
International Standard Book Number 9782204097109
040 ## - CATALOGING SOURCE
Transcribing agency IT-RoINE
Modifying agency IT-RoINE
100 1# - MAIN ENTRY--PERSONAL NAME
Personal name Batiffol, Pierre,
9 (RLIN) 1396
Dates associated with a name 1861-1929
245 12 - TITLE STATEMENT
Title L'Eglise naissante et le catholicisme /
Statement of responsibility, etc Pierre Batiffol ; preface du Jean Danielou.
250 ## - EDITION STATEMENT
Edition statement Nouvelle edition
260 ## - PUBLICATION, DISTRIBUTION, ETC. (IMPRINT)
Place of publication, distribution, etc Paris :
Name of publisher, distributor, etc Les editions du Cerf,
Date of publication, distribution, etc 2011.
300 ## - PHYSICAL DESCRIPTION
Extent LXVI, 502 p. ;
Dimensions 22 cm.
336 ## - CONTENT TYPE
Source rdacontent
Content type term text
337 ## - MEDIA TYPE
Source rdamedia
Media type term unmediated
338 ## - CARRIER TYPE
Source rdacarrier
Carrier type term volume
490 1# - SERIES STATEMENT
Series statement Bibliothèque du Cerf
504 ## - BIBLIOGRAPHY, ETC. NOTE
Bibliography, etc Incluye referencias bibliográficas en notas.
600 04 - SUBJECT ADDED ENTRY--PERSONAL NAME
9 (RLIN) 1497
Personal name Jesucristo
General subdivision Historicidad
650 #4 - SUBJECT ADDED ENTRY--TOPICAL TERM
9 (RLIN) 1891
Topical term or geographic name as entry element Cristianismo
General subdivision Historia
Chronological subdivision ca. 30-600 (Iglesia primitiva)
650 #4 - SUBJECT ADDED ENTRY--TOPICAL TERM
9 (RLIN) 3258
Topical term or geographic name as entry element Eclesiología
700 1# - ADDED ENTRY--PERSONAL NAME
Personal name Daniélou, Jean,
9 (RLIN) 4210
Titles and other words associated with a name Cardenal,
Dates associated with a name 1905-1974
830 #0 - SERIES ADDED ENTRY--UNIFORM TITLE
Uniform title Bibliothèque du Cerf
9 (RLIN) 3261
942 ## - ADDED ENTRY ELEMENTS (KOHA)
Item type Monografías
Dati di copia
Withdrawn status Lost status Damaged status Not for loan Home library Current library Date acquired Total Checkouts Full call number Barcode Date last seen Price effective from Koha item type
        Iglesia Nacional Española en Roma Iglesia Nacional Española en Roma 04/12/2018   TEO 2198 53627 04/12/2018 04/12/2018 Monografías